Transformaė̳s do Direito Administrativo Direito Pb︢lico e regulaȯ̂ em tempos de pandemia /

Bibliographic Details
Main Author: Leal, Fernando
Other Authors: Santos de Mendonȧ, Jos ̌Vicente
Format: eBook
Language:Portuguese
Published: Rio de Janeiro: FGV - Direito Rio, 2020
Subjects:
Online Access:Acceso restringido

MARC

LEADER 00000nam a22000007a 4500
005 20210618003910.0
007 cr|||| |||
008 210618s2020 br |||||s|||| 00||0 por d
020 |a 978-65-86060-13-3 
035 |a 33599 
040 |a vLex 
090 |c 11814  |d 11814 
100 1 |a Leal, Fernando 
245 1 0 |a Transformaė̳s do Direito Administrativo  |h [Recurso electrn̤ico] :  |b Direito Pb︢lico e regulaȯ̂ em tempos de pandemia /  |c Fernando Leal, Jos ̌Vicente Santos de Mendonȧ 
256 |a Servicio en ln̕ea 
260 |a Rio de Janeiro:  |b FGV - Direito Rio,  |c 2020 
300 |a 1 recurso electrn̤ico 
500 |a A obra ren︢e textos de docentes e discentes participantes da quinta ediȯ̂ do Seminr̀io de Integraȯ̂ entre os Programas de Ps̤-Graduaȯ̂ stricto sensu da FGV Direito Rio e da Faculdade de Direito da UERJ. Em 2020, os textos foram organizados em torno de diagns̤ticos, desafios e soluė̳s relacionados ao direito pb︢lico e da regulaȯ̂ em tempos de pandemia. 
506 1 |a Disponible solo en los productos indicados  |d vLex Global  |d vLex Global (Academic Edition, excluding Law Schools)  |d vLex Global (U.S. Academic Edition, Law Schools)  |d vLex Global (U.S. Academic Edition, excluding Law Schools)  |d vLex Global (Academic Edition, Law Schools) 
650 0 4 |a Derecho Pb︢lico y Administrativo  |z Brasil 
700 1 |a Santos de Mendonȧ, Jos ̌Vicente 
740 0 |a vLex Libros (Servicio en ln̕ea) 
856 4 0 |u https://vlex.com/source/transforma-es-do-direito-administrativo-direito-publico-e-regula-o-em-tempos-de-pandemia-33599  |z Acceso restringido 
942 |c BOOK 
999 0 |a Public and Administrative Law